Development, trade, and the WTO : (Record no. 180577)

MARC details
000 -CABECERA
campo de control de longitud fija 00662nam a2200205 a 4500
005 - FECHA Y HORA DE LA ÚLTIMA TRANSACCIÓN
campo de control 20240919064422.0
008 - ELEMENTOS DE LONGITUD FIJA--INFORMACIÓN GENERAL
campo de control de longitud fija 160226s2002 mx r 000 0 spa d
020 ## - NÚMERO INTERNACIONAL NORMALIZADO PARA LIBROS
Número Internacional Estándar del Libro 082134997X
035 ## - NÚMERO DE CONTROL DEL SISTEMA
Número de control de sistema UPN01000208476
049 ## - COLECCIÓN
Colección CG
050 #4 - SIGNATURA TOPOGRÁFICA DE LA BIBLIOTECA DEL CONGRESO
Número de clasificación HF1539
Número de documento/Ítem D4.8
245 00 - MENCIÓN DE TÍTULO
Título Development, trade, and the WTO :
Resto del título a handbook /
Mención de responsabilidad, etc. ed. Bernard Hoekman.
260 ## - PUBLICACIÓN, DISTRIBUCIÓN, ETC.
Lugar de publicación, distribución, etc. Washington, D.C. :
Nombre del editor, distribuidor, etc. World Bank,
Fecha de publicación, distribución, etc. 2002.
300 ## - DESCRIPCIÓN FÍSICA
Extensión xxx, 641 p. :
Otras características físicas tablas +
Material acompañante/anejo 2 CD-ROM ; 4 3/4 plg.
500 ## - NOTA GENERAL
Nota general Solicita los CD-ROM en el mostrador de préstamo
650 #4 - ASIENTO SECUNDARIO DE MATERIA - TERMINO TEMATICO
Término de materia o nombre geográfico como elemento de entrada Economía internacional
9 (RLIN) 14629
650 #4 - ASIENTO SECUNDARIO DE MATERIA - TERMINO TEMATICO
Término de materia o nombre geográfico como elemento de entrada COMERCIO EXTERIOR
9 (RLIN) 9841
700 1# - ASIENTO SECUNDARIO--NOMBRE DE PERSONAL
Nombre de persona Hoekman, Bernard,
Término indicativo de función/relación ed.
905 ## - TIPO DE MATERIAL
Tipo de material Libro
Holdings
Estado de retiro Estado de pérdida Fuente del sistema de clasificación o colocación Estado dañado No para préstamo Código de colección Localización permanente Ubicación/localización actual Ubicación en estantería Fecha de adquisición Enumeración/cronología de publicación seriada Clasificación Código de barras Fecha visto por última vez Número de copia Tipo de ítem Koha Total de préstamos Precio válido a partir de Nota pública
    Library of Congress Classification   Disponible (Préstamo en sala) UNESCO Bib. Gregorio Torres Quintero Bib. Gregorio Torres Quintero Colecciones especiales Planta alta 23/09/2024 Donación UNESCO HF1539 D4.8 U14449 31/12/2020 1 Libro      
    Library of Congress Classification   Disponible (Préstamo en sala) Materiales complementarios y otros recursos electrónicos  Bib. Gregorio Torres Quintero Bib. Gregorio Torres Quintero Mostrador de préstamo Planta baja 23/09/2024 v. 1 HF1539 D4.8 340110 23/09/2024   Disco Compacto   23/09/2024 Solicítalo en el mostrador de préstamo
    Library of Congress Classification   Disponible (Préstamo en sala) Materiales complementarios y otros recursos electrónicos  Bib. Gregorio Torres Quintero Bib. Gregorio Torres Quintero Mostrador de préstamo Planta baja 23/09/2024 v. 2 HF1539 D4.8 340111 23/09/2024   Disco Compacto   23/09/2024 Solicítalo en el mostrador de préstamo